000 00196nam a2200109Ia 4500
100 _a#N/A
650 _aLIBRARY
942 _cBK
245 _aPRICE LIST 2008
260 _b#N/A
546 _aENGLISH
999 _c35005
_d35005